000 02094nas a2200265 454500
001 29921
005 20260407193508.0
008 260407s2014####ag###########|||spa#d
003 AR-UNSa-BCEJYS
040 _aAR-UNSa-BCEJYS
_bspa
_cAR-UNSa-BCEJYS
080 _a347.9
_xDerecho procesal. Procedimiento judicial. Organización y personal al servicio de la administración de justicia
245 1 0 _aCuadernos de la Escuela del Servicio de Justicia
_ppublicación de la especialización en magistratura ESJ-UNLaM
022 _a2362-4442
264 1 _aBuenos Aires :
_bMinisterio de Justicia y Derechos Humanos de la Nación
_c2014
310 _aFrecuencia: Anual
505 _aLa Revista de Cuadernos de la Escuela del Servicio de Justicia es una publicación semestral de Ediciones Infojus, con el sello editorial del Ministerio de Justicia y Derechos Humanos de la Nación, que reúne artículos académicos de prestigiosos autores desarrollados en el marco de la Especialización en Magistratura que dicta la Escuela del Servicio de Justicia en conjunto con la Universidad de La Matanza. La revista está destinada a ampliar el horizonte del debate jurídico, con el propósito de gestar desde el ámbito público un espacio que favorezca la discusión doctrinaria y la difusión de nuevas ideas. En cada número se abordarán trabajos de investigación por parte de alumnos y profesores que estudian en profundidad el fenómeno de la administración de justicia, desde una mirada crítica y novedosa, constituyendo una propuesta plural, y con criterio federal, que acercará a la comunidad en general y a la comunidad jurídica en particular la posibilidad de acceder a voces y discursos novedosos para la práctica judicial.
041 _aspa
942 _cSER
590 _aniveau_biblio:s niveau_hierar:1
100 1 _aRuiz, Alicia E.C.
650 _aAdministración de justicia
650 _aDerecho
650 _aDOCTRINA
856 4 1 _uhttps://biblioeco.unsa.edu.ar/pmb/images/revistas/Cuardenos de la Escuela del Servicio de Justicia-r14482.jpg
_yImagen de portada
_qimage/jpeg
999 _c8682
_d8682